| 000 | 00867nas a2200265 4500 | ||
|---|---|---|---|
| 001 | BR2012008093 | ||
| 003 | BR-BrBNA | ||
| 005 | 20231205121533.0 | ||
| 007 | ta | ||
| 008 | 230509b bl.|||p| |||| 00| 00por d | ||
| 040 |
_aBR-BrBNA _bpor _cBiblioteca Nacional de Agricultura |
||
| 041 | _a(Pt) | ||
| 072 | _aP33 | ||
| 100 | 1 | _aTucci, C.A.F. | |
| 100 | 1 | _aLima, E.J.de M. | |
| 100 | 1 | _aHara, F.A.dos S. | |
| 245 | 1 | _aComparação de fontes de nitrogênio sobre o comportamento de plântulas de milho (zea Mays L.)em solo de várzea | |
| 650 | _aSOLO | ||
| 650 | _aVÁRZEA | ||
| 650 | _aADUBAÇÃO NITROGENADA | ||
| 650 | _aMILHO | ||
| 773 | 0 |
_tRevista da Universidade do Amazonas.Série Ciências Agrária (Brazil) _xISSN 0103-7463 _g(Jan-Dec 1997), v.6 (1-2) p. 103-109 _wBR2012008093 |
|
| 909 |
_a202311 _bLúcia _c55 _dLúcia Elande |
||
| 942 |
_2AGRIS _n0 _cANA |
||
| 999 |
_c224013 _d224013 |
||